000 00859nam a2200265 a 4500
001 25586
003 CO-ViMGA
008 141112s2004 ck r 000 u spa d
020 _a9789587583816
040 _aCO-ViMGA
_bspa
_cCO-ViMGA
041 _aSPA
082 0 4 _aCo861.08 R61g
100 1 _aRoca, Juan Manuel, 1946 -
_939143
245 1 0 _aGalería de espejos :
_buna mirada a la poesía colombiana del siglo XX /
_cJuan Manuel Roca
250 _a1a ed.
260 _aBogotá :
_bAlfaguara,
_c2012
300 _a298 p. : fot. byn.
490 _aAlfaguara : Roja
500 _aIncluye bibliografía esencial.
650 1 4 _aLITERATURA COLOMBIANA - SIGLO XX
_92057
650 1 4 _aPOESIA COLOMBIANA - SIGLO XX
_92302
650 1 4 _aPOETAS COLOMBIANOS - CRITICA E INTERPRETACION
_939144
650 1 4 _aVIOLENCIA EN LA LITERATURA
_9421
942 _2ddc
_cBK
999 _c5160
_d5160